000 00444nam a2200157 i 4500
001 60388
003 ES-MaACL
005 20230906164225.0
007 t|
008 031104s1968 sp ||||1| spa d
100 1 _aEsquer Torres, Ramón.
_947961
245 1 0 _aDidáctica de la lengua española /
_cRamón Esquer Torres.
260 _aMadrid :
_bAlcalá,
_c[1968]
300 _a396 p. :
_bil. ;
_c22 cm.
852 _aES-MaACL
_jC-47844
_bR.67563
999 _c60388
_d60388